Geography Quiz

Random Geography or Asia Quiz
Score 0/20 Timer 04:00
0 Plays Today
Hint Country % Correct
ExportsRussia
96.2%
ImportsRussia
96.2%
ImportsUSA
96.2%
ImportsTurkey
94.9%
ImportsUK
93%
ImportsChina
91.7%
ImportsGeorgia
89.2%
ExportsGermany
87.3%
ImportsGermany
87.3%
ExportsFrance
85.4%
Hint Country % Correct
ExportsItaly
84.1%
ExportsIndia
84.1%
ImportsItaly
84.1%
ImportsJapan
79%
ExportsSpain
78.3%
ImportsUkraine
76.4%
ExportsIsrael
55.4%
ExportsIndonesia
44.6%
ExportsNorway
40.1%
ExportsCzechia
32.5%
Remove Ads.
Support Sporcle.
Get the best of Sporcle when you Go Orange. This ad-free experience offers more features, more stats, and more fun while also helping to support Sporcle. Thank you for becoming a member.

You're not logged in!

Compare scores with friends on all Sporcle quizzes.
OR
Log In

Sporcle TV

Today on Sporcle TV


Watch our educational content, quiz creation guides, and fun videos on Sporcle TV.

Show Comments

Extras

Top Quizzes Today


Score Distribution

Paid Content

Your Account Isn't Verified!

In order to create a playlist on Sporcle, you need to verify the email address you used during registration. Go to your Sporcle Settings to finish the process.

Report this User

Report this user for behavior that violates our Community Guidelines.

Details: